[Event "POL-chT3 Kujawsko Pomorskie 1516"]
[Site "Poland"]
[Date "2016.03.13"]
[Round "8"]
[White "Michalak, Jacek"]
[Black "Juszczak, Milosz"]
[Result "0-1"]
[WhiteElo "1635"]
[BlackElo "1272"]
[PlyCount "74"]
[EventDate "2015.11.08"]
[EventType "team-tourn"]
[EventRounds "9"]
[EventCountry "POL"]
[SourceTitle "EXT 2019"]
[Source "ChessBase"]
[SourceDate "2018.10.10"]
[SourceVersion "1"]
[SourceVersionDate "2018.10.10"]
[SourceQuality "1"]

1. e4 c5 2. Bc4 g6 3. Nc3 Bg7 4. f4 Nc6 5. Nf3 d6 6. h3 Nd4 7. Ng5 e6 8. 0-0 h6 9. Nxf7 Kxf7 10. f5 Ke8 11. fxg6 Qg5 12. Nb5 Nxb5 13. Bxb5+ Kd8 14. c3 Qxg6 15. d3 Ne7 16. Bf4 e5 17. Be3 Bxh3 18. Qf3 Bg4 19. Qf7 Qxf7 20. Rxf7 Rg8 21. Raf1 Ng6 22. Rxb7 Be6 23. b3 a6 24. Bc6 Ne7 25. b4 Nxc6 26. Rxg7 Rxg7 27. Rf8+ Kc7 28. Rxa8 Bc8 29. bxc5 Kb7 30. Rxc8 Kxc8 31. Bxh6 Rg3 32. d4 dxc5 33. d5 Nd8 34. c4 Rg4 35. Kf2 Rxe4 36. Kf3 Rxc4 37. g4 Kd7 0-1

[Event "POL-chT3 Kujawsko Pomorskie 1516"]
[Site "Poland"]
[Date "2016.01.10"]
[Round "4"]
[White "Juszczak, Milosz"]
[Black "Paprocki, Jaroslaw"]
[Result "0-1"]
[WhiteElo "1272"]
[BlackElo "2169"]
[PlyCount "58"]
[EventDate "2015.11.08"]
[EventType "team-tourn"]
[EventRounds "9"]
[EventCountry "POL"]
[SourceTitle "EXT 2019"]
[Source "ChessBase"]
[SourceDate "2018.10.10"]
[SourceVersion "1"]
[SourceVersionDate "2018.10.10"]
[SourceQuality "1"]

1. d4 Nf6 2. Bf4 Nc6 3. c4 e6 4. Nc3 Bb4 5. a3 Bxc3+ 6. bxc3 b6 7. e3 Ba6 8. Nf3 Na5 9. Nd2 Qe7 10. g4 Bb7 11. Rg1 d6 12. g5 Nd7 13. h4 e5 14. Bh2 h6 15. gxh6 g6 16. Qg4 Rxh6 17. Bg3 f5 18. Qg5 Qh7 19. Be2 Kf7 20. f4 exd4 21. cxd4 Re8 22. Bf2 Nf6 23. Qg3 Nh5 24. Qg5 Nf6 25. Qg3 Nc6 26. d5 Nb8 27. Nf3 Qh8 28. Ng5+ Ke7 29. Ne6 Ne4 0-1